000
00313nam a22001337a 4500
008
170602b xxu||||| |||| 00| 0 eng d
020
_a
9780060416713
041
_a
eng
080
_2
3 ED
_a
94(7/8(
100
_a
17
101
_a
SHH
245
_a
ETHICS AMERICANS A HISTORY
_c
DINNERTEIN.L
942
_2
udc
_c
BK
999
_c
15774
_d
15774